Teach yourself LotusScript for notes / Domino 4.6.
| Main Author: | |
|---|---|
| Other Authors: | |
| Format: | Book |
| Published: |
New York:
MIS Press,
1998.
|
| Subjects: |
| LEADER | 00516cam a2200181 7i4500 | ||
|---|---|---|---|
| 001 | 0000007398 | ||
| 005 | 20000219090000.0 | ||
| 020 | 0 | 0 | |a 1558285601 |
| 090 | 0 | 0 | |a B 005.36 |b KRE |
| 100 | 1 | 0 | |a Kreisle |
| 245 | 1 | 0 | |a Teach yourself LotusScript for notes / Domino 4.6. |
| 260 | 0 | 0 | |a New York: |b MIS Press, |c 1998. |
| 300 | # | # | |a 672 p. |
| 650 | 0 | 0 | |a Lotus Domino |
| 650 | 0 | 0 | |a Lotus Notes |
| 650 | 0 | 0 | |a LotusScript (Computer program language) |
| 700 | 1 | 1 | |a Oliver, |h Rocky |
| 999 | |a B000011029 |b Book |c Book |e Business Information Centre | ||


